Triveni / | त्रिवेणी / (Record no. 12912)

000 -LEADER
fixed length control field 00518nam a22001937a 4500
008 - FIXED-LENGTH DATA ELEMENTS--GENERAL INFORMATION
fixed length control field 211227b ||||| |||| 00| 0 eng d
020 ## - INTERNATIONAL STANDARD BOOK NUMBER
Terms of availability Rs.60.00
041 0# - LANGUAGE CODE
Language code of text/sound track or separate title hin
082 00 - DEWEY DECIMAL CLASSIFICATION NUMBER
Classification number 891.4309
Item number M6843
100 ## - MAIN ENTRY--PERSONAL NAME
9 (RLIN) 3451
Personal name Mitra, Bimal
245 10 - TITLE STATEMENT
Title Triveni /
Title त्रिवेणी /
250 ## - EDITION STATEMENT
Edition statement 1st ed.
260 ## - PUBLICATION, DISTRIBUTION, ETC. (IMPRINT)
Place of publication, distribution, etc New Delhi:
Name of publisher, distributor, etc Shanmarg prakashan,
Date of publication, distribution, etc 1992.
300 ## - PHYSICAL DESCRIPTION
Extent 144 p.
365 ## - TRADE PRICE
Price amount inr 60.00
650 #0 - SUBJECT ADDED ENTRY--TOPICAL TERM
Topical term or geographic name as entry element Hindi Literature
942 ## - ADDED ENTRY ELEMENTS (KOHA)
Item type Books
Holdings
Withdrawn status Lost status Source of classification or shelving scheme Damaged status Not for loan Permanent location Current location Date acquired Source of acquisition Cost, normal purchase price Full call number Barcode Date last seen Cost, replacement price Koha item type
          IMU Kolkata IMU Kolkata 1995-03-25 Pracharak Book Culture 85.00 891.4309 M6843 08424 2021-12-27 85.00 Books
Designed and Maintained by IMU-KC Library, Kolkata Campus © Copyright All Rights Reserved

webs counters

Powered by Koha